Bordering Countries by Country Shape #8 - Statistics

General Stats
  • This quiz has been taken 109 times
  • The average score is 7 of 7
Answer Stats
Country % Correct
Belarus
97%
Czech Republic
97%
Germany
97%
Russia
94%
Lithuania
93%
Slovakia
93%
Ukraine
91%
No matching quizzes found
Score Distribution
Percent of People with Each Score
Percentile by Number Answered
Your Score History
You have not taken this quiz